| 000 -LEADER |
| fixed length control field |
00824nam a22002177a 4500 |
| 005 - DATE AND TIME OF LATEST TRANSACTION |
| control field |
20221013103217.0 |
| 008 - FIXED-LENGTH DATA ELEMENTS--GENERAL INFORMATION |
| fixed length control field |
221013s2019 gw ||||| |||| 00| 0 ger d |
| 020 ## - INTERNATIONAL STANDARD BOOK NUMBER |
| International Standard Book Number |
9783126071543 |
| 041 ## - LANGUAGE CODE |
| Language code of text/sound track or separate title |
ger |
| 080 ## - UNIVERSAL DECIMAL CLASSIFICATION NUMBER |
| Universal Decimal Classification number |
811.112.2'373 N-46 |
| 245 ## - TITLE STATEMENT |
| Title |
Netzwerk neu A1.1 : |
| Remainder of title |
Kurs- und Übungsbuch mit Audios und Videos / |
| Statement of responsibility, etc. |
Stefanie Dengler, Paul Rusch, Helen Schmitz, Tanja Sieber. |
| 264 ## - PRODUCTION, PUBLICATION, DISTRIBUTION, MANUFACTURE, AND COPYRIGHT NOTICE |
| Place of production, publication, distribution, manufacture |
Stuttgart : |
| Name of producer, publisher, distributor, manufacturer |
Ernst Klett Sprachen, |
| Date of production, publication, distribution, manufacture, or copyright notice |
2019. |
| 300 ## - PHYSICAL DESCRIPTION |
| Extent |
176 p. ; |
| Other physical details |
28 cm. |
| 653 ## - INDEX TERM--UNCONTROLLED |
| keyword |
გერმანული ენის ლექსიკა |
| 653 ## - INDEX TERM--UNCONTROLLED |
| keyword |
лексика |
| 700 ## - ADDED ENTRY--PERSONAL NAME |
| Personal name |
Dengler, Stefanie |
| Relator term |
ავტორი |
| 9 (RLIN) |
15311 |
| 700 ## - ADDED ENTRY--PERSONAL NAME |
| Personal name |
Rusch, Paul |
| Relator term |
ავტორი |
| 9 (RLIN) |
15285 |
| 700 ## - ADDED ENTRY--PERSONAL NAME |
| Personal name |
Schmitz, Helen |
| Relator term |
ავტორი |
| 9 (RLIN) |
15312 |
| 700 ## - ADDED ENTRY--PERSONAL NAME |
| Personal name |
Sieber, Tanja |
| Relator term |
ავტორი |
| 9 (RLIN) |
15313 |
| 942 ## - ADDED ENTRY ELEMENTS (KOHA) |
| Source of classification or shelving scheme |
|
| Koha item type |
წიგნი |